000 00580nam a2200205Ia 4500
003 GCL
008 140319s9999 xx 000 0 ara d
040 _aGCL /
_cGCL
082 0 4 _a813.03
_bو ن
100 1 _aوزارة الثقافة
245 1 0 _aنجيب محفوظ نوبل 1988 /
_cوزارة الثقافة
260 _a[S.N] :
_bوزارة الثقافة
300 _a194 ص
490 _a
650 0 4 _aالادب العربى
650 0 4 _aالمقالات العربية
650 0 4 _aنجيب محفوظ
650 0 4 _aجائزة نوبل
942 _2ddc
_cBK
999 _c35045
_d35045